01180 a2200181 45000010006000000050017000060080041000230030015000640400040000790800061001192450073001802500012002532640035002653000026003005050644003260410008009701000020009784223520260407155711.0260407a1960 arg spa dAR-UNSa-BCEJYS aAR-UNSa-BCEJYSbspacAR-UNSa-BCEJYS a16xLógica. Epistemología. Teoría del conocimiento10aLógica y teoría del conocimientoppara la enseñanza secundaria a8a. ed. 1aBuenos Aires :bKapeluszc1960 axviii, 305 p.c19 cm. a1. La lógica - 2. El juicio - 3. El concepto - 4. La clasificación y la definición - 5. Los principios lógicos - 6. El razonamiento - 7. El silogismo - 8. La inducción y la analogía - 9. Teoría del conocimiento - 10. La verdad - 11. Posibilidad y límnites del conocimiento - 12. El origen de los conocimientos - 13. Crítica del conocimiento - 14. La ciencia - 15. El método, observación, experimentación, hipótesis y teoría - 16. La matemática - 17. Las ciencias físicas - 18. La biología - 19. La psicología - 20. La historía - 21. La sociología - 22. La logística - 23. La lógica indostánica aspa1 aFatone, Vicente